آہ و زاری / (Record no. 195969)

MARC details
000 -LEADER
fixed length control field 00778nam a22002177a 4500
005 - DATE AND TIME OF LATEST TRANSACTION
control field 20230904114921.0
010 ## - LCCN (DPL NO)
LC control number UR-11986 UR-12036 UR-12192
020 ## - INTERNATIONAL STANDARD BOOK NUMBER
Terms of availability 180.00
035 ## - SYSTEM CONTROL NUMBER
System control number U-10541
035 ## - SYSTEM CONTROL NUMBER
System control number U-10591
035 ## - SYSTEM CONTROL NUMBER
System control number U-10747
037 ## - SOURCE OF ACQUISITION
Source of stock number/acquisition DBAD/PUB
082 ## - DEWEY DECIMAL CLASSIFICATION NUMBER
Classification number 270
100 ## - MAIN ENTRY--PERSONAL NAME
Personal name عبد اللہ بن احمد بن قدامہ المقدی
245 ## - TITLE STATEMENT
Title آہ و زاری /
Statement of responsibility, etc عبد اللہ بن احمد بن قدامہ المقدی
246 ## - VARYING FORM OF TITLE
Title proper/short title Aah-o-Zaar /
Remainder of title by Abdullah bin Ahmed bin qudama Almuqddasi
260 ## - PUBLICATION, DISTRIBUTION, ETC. (IMPRINT)
Place of publication, distribution, etc نيء دہلی
Name of publisher, distributor, etc اریب پبلیکیشنز
Date of publication, distribution, etc 2011 ء
270 ## - ADDRESS
Address 1542، پٹودی ہاوس، دریاگنج
City نيء دہلی
Postal code 2
300 ## - PHYSICAL DESCRIPTION
Extent 397 ص
Dimensions 22cm(Hb)
942 ## - ADDED ENTRY ELEMENTS (KOHA)
Source of classification or shelving scheme Dewey Decimal Classification
Item type Urdu Bks
Classification part 270
Call number suffix ع ب د
Holdings
Withdrawn status Lost status Not for loan Collection code Home library Current library Date acquired Source of acquisition Cost, normal purchase price Full call number Barcode Copy number Cost, replacement price Koha item type
      Non-fiction Ashok Vihar Ashok Vihar 07/06/2023 DBAD/PUB 180.00 270 ع ب د U-10591 1 180.00 Urdu Bks
      Non-fiction Sarojini Nagar Sarojini Nagar 04/09/2023 DBAD/PUB 180.00 270 ع ب د U-10747 1 180.00 Urdu Bks
      Non-fiction Shahdara Branch Shahdara Branch 15/05/2023 DBAD/PUB 180.00 270 ع ب د U-10541 1 180.00 Urdu Bks

© Delhi Public Library
Hit Counter
free hit counter